000 01317nam0a22003371 4500
001 v19\rc\2068607
005 20251118181629.3
035 _a(NLR Aleph) 005144161
090 _a4834152
_c4834152
100 _a20081111d1902 |||y0rusy50 ca
101 1 _arus
_cspa
102 _aRU
105 _ay z |||a|
200 1 _aТреугольная шляпа
_eРассказ П. Аларкона
_fПер. с исп. М.В. Ватсон
_g[Пер. "Предисловия автора" К.М.]
210 _aСанкт-Петербург
_cтип. т-ва "Обществ. польза"
_d1902
215 _aVIII, 3-100 с.
_cвиньет.
_d15
225 1 _aСовременная библиотека
_v№ 11-12
300 _aРассказ переведен также под загл.: "Треуголка"
451 0 _12001#$aТреуголка
700 1 _aАларкон
_bП. А. де
_f1833-1891
_gПедро Антонио де
702 0 _aК. М.
_4730
702 1 _aВатсон
_bМ. В.
_f1848-1932
_gМария Валентиновна
_4730
801 0 _aRU
_bNLR
_gpsbo
801 0 _aRU
_bRuMoRGB
_2psbo
801 1 _aRU
_bProSoft-M
_2rusmarc
852 _aNLR
_j18.4.9.14(№ 11-12)
899 _aRuMoRGB
_jF 84/58
899 _aRuMoRGB
_jРб 10/4745
899 _aБАН
942 _cBOOK
980 _aNB